000 01591nam0a2200349 4500
001 RU\NLR\BIBL_A\010299358
005 20260406165112.0
010 _a978-5-8112-5231-2
_97000
021 _aRU
_b2014-5783
_9358
035 _a(NLR Aleph) 010299358
090 _a10585657
_c10585657
100 _a20130726d2014 |||y0rusy50 ca
101 0 _arus
_aeng
102 _aRU
105 _aa zj||000zy
200 1 _aПринц и нищий
_fМарк Твен
_gадапт. текста, коммент., слов. Г. К. Магидсон-Степановой
_gупражнения А. Е. Хабенской
210 _aМосква
_cАйрис Пресс
_d2014
215 _a206, [1] с.
_cил.
_d21
225 1 _aАнглийский клуб
_iIntermediate
225 1 _aДомашнее чтение
300 _aНа обл. загл. и авт. также на англ. яз.: The prince and the pauper / Mark Twain
333 _a12+
512 1 _6z45790
_aThe prince and the pauper
606 1 _aАнглийский язык
_jХрестоматии для средней школы
_9972309
_3RU\NLR\auth\6646032
686 1 _aШ143.21-93рус21[10/11]хрест
700 1 _4070
_8rus
_7ca
_aТвен
_bМ.
_f1835-1910
_gМарк
_3RU\NLR\AUTH\77201
_9110265
702 1 _4010
_8rus
_7ca
_aМагидсон-Степанова
_bГ. К.
_gГалина Константиновна
_3RU\NLR\AUTH\7711438
_9121184
790 1 _8eng
_7ba
_aTwain
_bM.
_f1835-1910
_gMark
_3RU\NLR\AUTH\7759057
_941989
942 _cBOOK
980 _aNB